000 00363cam a2200145ua 4500
041 _aeng
_h
082 _a551.46
_bCOR/SE
100 _aCorsky, N .
245 _aSea friend and foe /
_cN Corsky.
_hTextual Documents
260 _aMoscow :
_bForeign Language Publishing House ,
_c1961.
300 _a266 ; .
504 _a
942 _cBK
999 _c10967
_d10967